Introduction to Unmanned aerial vehicle systems (Record no. 321481)

000 -LEADER
fixed length control field 00350 a2200133 4500
001 - CONTROL NUMBER
control field 86408
082 ## - DEWEY DECIMAL CLASSIFICATION NUMBER
Classification number 623.7469 FAH
090 ## - LOCALLY ASSIGNED LC-TYPE CALL NUMBER (OCLC); LOCAL CALL NUMBER (RLIN)
-- 40604
-- 40604
100 ## - MAIN ENTRY--PERSONAL NAME
Personal name Fahlstrom
245 ## - TITLE STATEMENT
Title Introduction to Unmanned aerial vehicle systems
260 ## - PUBLICATION, DISTRIBUTION, ETC.
Place of publication, distribution, etc. UK
Name of publisher, distributor, etc. John Wiley
Date of publication, distribution, etc. 2012
300 ## - PHYSICAL DESCRIPTION
Extent xxv, 280 p.
610 ## - SUBJECT ADDED ENTRY--CORPORATE NAME
Corporate name or jurisdiction name as entry element UAV
Subordinate unit Un manned aerial vehicle systems
942 ## - ADDED ENTRY ELEMENTS (KOHA)
Institution code [OBSOLETE] NUST-CAE
Call number prefix 623.7469 FAH
Holdings
Withdrawn status Lost status Damaged status Not for loan Collection code Permanent Location Current Location Date acquired Total Checkouts Full call number Barcode Date last seen Price effective from Koha item type
          College of Aeronautical Engineering (CAE) College of Aeronautical Engineering (CAE) 04/03/2017   623.7469 FAH CAE85281 04/05/2017 04/05/2017 Book
© 2023 Central Library, National University of Sciences and Technology. All Rights Reserved.